Modern Greece : a short history

Αποθηκεύτηκε σε:
Λεπτομέρειες βιβλιογραφικής εγγραφής
Κύριος συγγραφέας: Woodhouse, C. M. (Christopher Montaque), 1917-2001
Μορφή: Βιβλίο
Γλώσσα:English
Δημοσίευση: London : Faber, c1977
Σειρά:Faber parebacks
Θέματα:
Ετικέτες: Προσθήκη ετικέτας
Δεν υπάρχουν, Καταχωρήστε ετικέτα πρώτοι!

MARC

LEADER 00000cam a2200000 i 4500
001 1/6863
008 000617r19771968 eng d
020 |a 0571049362 
035 |l 10062082 
040 |a GR-MY-UA  |b gre  |e aacr 
041 0 |a eng 
082 0 |a 938 
100 1 |a Woodhouse, C. M.   |q (Christopher Montaque),   |d 1917-2001. 
245 1 0 |a Modern Greece :  |b a short history /  |c C. M. Woodhouse 
260 |a London :   |b Faber,   |c c1977 
300 |a 332 p.  |b maps 
490 1 |a Faber paperbacks 
500 |a First published in 1968 under title: The story of modern Greece 
504 |a Bibliography: p. 313-317 and index 
651 0 |a Byzantine Empire  |x History. 
651 0 |a Greece  |x History  |y 1453-1821. 
651 0 |a Greece  |x History  |y 1821- 
830 0 |a Faber parebacks 
852 |a INST  |b LESVOS  |e 20000617  |h 938 WOO  |p 005100020967  |q 005100020967  |t BK  |y 0 
909 |a Λ  |b 076858 
970 |z 2000/06/ΟΙΚΟΝΟΜΟΠΟΥΛΟΥ ΧΡΙΣΤΙΝΑ